Online Catalogue and eLibrary

Sankinthiyawa sahnthage livima (Record no. 6065)

MARC details
000 -LEADER
fixed length control field 00390nam a22001457a 4500
005 - DATE AND TIME OF LATEST TRANSACTION
control field 20250612033645.0
008 - FIXED-LENGTH DATA ELEMENTS--GENERAL INFORMATION
fixed length control field 250612b |||||||| |||| 00| 0 eng d
020 ## - INTERNATIONAL STANDARD BOOK NUMBER
ISBN 9789551274665
082 ## - DDC Classification
DDC Edition Number 22
Class No. 320
245 ## - TITLE STATEMENT
Title Sankinthiyawa sahnthage livima
260 ## - PUBLICATION, DISTRIBUTION, ETC.
Place of publication, distribution, etc. Colombo
Name of publisher, distributor, etc. National Space Council
Date of publication, distribution, etc. 2014
300 ## - PHYSICAL DESCRIPTION
Extent (e.g. Volumes, Pages etc.) 375 p .,
500 ## - GENERAL NOTE
General note Write to Reconcile - Sinhala translation
942 ## - Koha item type (Biblio)
Koha item type Books in Stacks (Lending)
Holdings
Lost status Damaged status Collection code Home library Current library Date acquired Full call number Accession Number Item type
    Lending WERC Library WERC Library 06/12/2025 320 6883 Books in Stacks (Lending)

© WERC Library